Statistics for European Countries not in NATO

Click here to take the quiz!

General Stats

  • This quiz has been taken 239 times
    (39 since last reset)
  • The average score is 16 of 18

Answer Stats

Answer % Correct
Vatican City
95%
San Marino
95%
Ukraine
95%
Serbia
95%
Switzerland
92%
Sweden
89%
Andorra
89%
Liechtenstein
89%
Finland
89%
Russia
86%
Kosovo
86%
Ireland
86%
Belarus
86%
Austria
84%
Monaco
84%
Moldova
84%
Malta
81%
Bosnia and Herzegovina
78%

Score Distribution

Percentile by Number Answered

Percent of People with Each Score

Your Score History

You have not taken this quiz since the last reset